[Event "GRB-ch Universities"]
[Site "Birmingham"]
[Date "2016.02.20"]
[Round "1.2"]
[White "Huang, Siyuan"]
[Black "Eggink, Mateusz"]
[Result "0-1"]
[WhiteElo "2062"]
[BlackElo "2120"]
[PlyCount "78"]
[EventDate "2016.02.20"]
[EventType "team-swiss"]
[EventRounds "5"]
[EventCountry "ENG"]
[SourceTitle "CBM 170 Extra"]
[Source "ChessBase"]
[SourceDate "2016.02.25"]
[SourceVersion "1"]
[SourceVersionDate "2016.02.25"]
[SourceQuality "1"]
[WhiteTeam "York"]
[BlackTeam "Warwicks Select"]
[WhiteTeamCountry "ENG"]
[BlackTeamCountry "ENG"]

1. e4 c5 2. Nf3 d6 3. d3 Nc6 4. g3 g6 5. Bg2 Bg7 6. 0-0 e6 7. c3 Nge7 8. h4 0-0 9. Nh2 e5 10. f4 Be6 11. Be3 f5 12. Nd2 Rc8 13. Qe2 b5 14. g4 fxg4 15. Nxg4 Qd7 16. Nh2 b4 17. fxe5 Bxe5 18. Ndf3 Bg7 19. d4 cxd4 20. cxd4 Bg4 21. Qc4+ Kh8 22. Ng5 h6 23. Nxg4 hxg5 24. Rxf8+ Rxf8 25. Nf2 gxh4 26. Bh3 Qe8 27. Bg4 d5 28. Qd3 dxe4 29. Qxe4 Nd5 30. Be6 Nf6 31. Qxh4+ Nh5 32. d5 Ne5 33. Qxb4 Qd8 34. Rc1 Qf6 35. Rc7 Qf3 36. Qe4 Qg3+ 37. Qg2 Qxe3 38. Rc3 Qe1+ 39. Kh2 Rxf2 0-1